Sara Baartman and the Hottentot Venus : (Record no. 610538)

MARC details
000 -LEADER
fixed length control field 00509nam a2200193 a 4500
008 - FIXED-LENGTH DATA ELEMENTS--GENERAL INFORMATION
fixed length control field 260205s2009##################000#0#eng##
020 ## - INTERNATIONAL STANDARD BOOK NUMBER
ISBN 9780691135809
082 04 - DEWEY DECIMAL CLASSIFICATION NUMBER
Classification number 305.896
Item number CRA
100 1# - MAIN ENTRY--AUTHOR NAME
Personal name Crais, Clifton C.,
245 10 - TITLE STATEMENT
Title Sara Baartman and the Hottentot Venus :
260 ## - PUBLICATION, DISTRIBUTION, ETC. (IMPRINT)
Year of publication 2009.
300 ## - PHYSICAL DESCRIPTION
Number of Pages 232 pages
650 #0 - SUBJECT ADDED ENTRY--TOPICAL TERM
Topical Term Biography & Autobiography.
942 ## - ADDED ENTRY ELEMENTS (KOHA)
Koha item type English Books
Holdings
Withdrawn status Lost status Damaged status Not for loan Home library Current library Shelving location Date acquired Full call number Accession Number Price effective from Koha item type
        Anna Centenary Library Anna Centenary Library 3RD FLOOR, B WING 05.02.2026 305.896 CRA 167225 05.02.2026 English Books

Find us on the map